| 000 | 00000nam 2200000zi 4500 |
| 001 | 9.937056 |
| 003 | CaOODSP |
| 005 | 20240418134705 |
| 006 | m o d f |
| 007 | cr mn||||||||| |
| 008 | 240418s2022 quc o f000 0 eng d |
| 040 | |aCaOODSP|beng|erda|cCaOODSP |
| 043 | |an-cn---|anl----- |
| 045 | |ay1y2 |
| 086 | 1 |aEn4-467/2022-1E-PDF |
| 245 | 00|aAt a glance : |bevaluation of the Freshwater Action Plan : Great Lakes Protection Initiative. |
| 264 | 1|a[Gatineau, Quebec] : |bEnvironment and Climate Change Canada = Environnement et changement climatique Canada, |c[2022] |
| 300 | |a1 online resource (3 pages) |
| 336 | |atext|btxt|2rdacontent |
| 337 | |acomputer|bc|2rdamedia |
| 338 | |aonline resource|bcr|2rdacarrier |
| 500 | |aIssued also in French under title: Regards sur l'évaluation : évaluation du Plan d'action sur l'eau douce : Initiative de protection des Grands Lacs. |
| 610 | 10|aCanada. |bEnvironment and Climate Change Canada|xEvaluation. |
| 650 | 0|aFederal aid to water quality management|zGreat Lakes Watershed (North America)|xEvaluation. |
| 650 | 0|aWater|xPollution|zGreat Lakes Watershed (North America)|xPrevention|xEvaluation. |
| 710 | 1 |aCanada. |bEnvironment and Climate Change Canada. |bEvaluation Division, |eissuing body. |
| 775 | 08|tRegards sur l'évaluation : |w(CaOODSP)9.937058 |
| 856 | 40|qPDF|s349 KB|uhttps://publications.gc.ca/collections/collection_2024/eccc/en4/En4-467-2022-1-eng.pdf |
| 856 | 4 |qHTML|sN/A|uhttps://www.canada.ca/en/environment-climate-change/corporate/transparency/priorities-management/evaluations/freshwater-action-plan-great-lakes/at-a-glance.html |